Ludwig KRÄMER, The EU, access to environmental information and the open society, ELNI 2013, p. 38-43 (notice n° 1645504)

détails MARC
000 -LEADER
fixed length control field 01877cam a2200169 4500500
005 - DATE AND TIME OF LATEST TRANSACTION
control field 20260208001835.0
041 ## - LANGUAGE CODE
Language code of text/sound track or separate title fre
042 ## - AUTHENTICATION CODE
Authentication code dc
100 10 - MAIN ENTRY--PERSONAL NAME
Personal name Emmanouilidou, Lina
Relator term author
245 00 - TITLE STATEMENT
Title Ludwig KRÄMER, The EU, access to environmental information and the open society, ELNI 2013, p. 38-43
260 ## - PUBLICATION, DISTRIBUTION, ETC.
Date of publication, distribution, etc. 2014.<br/>
500 ## - GENERAL NOTE
General note 70
520 ## - SUMMARY, ETC.
Summary, etc. La Convention de Hong Kong est le premier accord international en matière de recyclage des navires. Elle établit un régime juridique applicable pendant toute la vie du navire. Elle permet aux Parties de connaître, de la construction au recyclage, les matières potentiellement dangereuses, établies dans l’Annexe, qui sont présentes dans la structure et l’équipement du navire. Les Parties ont la garantie que les navires autorisés à battre leur pavillon ou exploités sous leur autorité seront recyclés conformément à la Convention et aux prescriptions de l’OMI. Le contournement des mesures prévues dans la Convention est difficile, notamment du fait des contrôles par les États du port.
520 ## - SUMMARY, ETC.
Summary, etc. The Hong Kong Convention for the Safe and Environmentally Sound Recycling of Ships of 15 March 2009The IMO Hong Kong Convention represents a major achievement for the international community ; this Convention establishes at global level mandatory requirements to ensure the safe and environmentally sound recycling of ships in an efficient and effective way. The Convention provides a « cradle-to-grave approach », a system of control and enforcement all over the ship’s lifetime from design, through construction, operation and up to the recycling stage.
786 0# - DATA SOURCE ENTRY
Note Revue juridique de l’environnement | Volume 39 | 3 | 2014-09-21 | p. 591b-592b | 0397-0299
856 41 - ELECTRONIC LOCATION AND ACCESS
Uniform Resource Identifier <a href="https://droit.cairn.info/revue-juridique-de-l-environnement-2014-3-page-591b?lang=fr&redirect-ssocas=7080">https://droit.cairn.info/revue-juridique-de-l-environnement-2014-3-page-591b?lang=fr&redirect-ssocas=7080</a>

Pas d'exemplaire disponible.

PLUDOC

PLUDOC est la plateforme unique et centralisée de gestion des bibliothèques physiques et numériques de Guinée administré par le CEDUST. Elle est la plus grande base de données de ressources documentaires pour les Étudiants, Enseignants chercheurs et Chercheurs de Guinée.

Adresse

627 919 101/664 919 101

25 boulevard du commerce
Kaloum, Conakry, Guinée

Réseaux sociaux

Powered by Netsen Group @ 2025